Calculus / (Record no. 17)

MARC details
000 -LEADER
fixed length control field 00853nac a22002771i 4500
003 - CONTROL NUMBER IDENTIFIER
control field EG-ScBUE
005 - DATE AND TIME OF LATEST TRANSACTION
control field 20241010094054.0
008 - FIXED-LENGTH DATA ELEMENTS--GENERAL INFORMATION
fixed length control field 090225t1994 maua f 001 0 eng d
020 ## - INTERNATIONAL STANDARD BOOK NUMBER
International Standard Book Number 0534936245
020 ## - INTERNATIONAL STANDARD BOOK NUMBER
International Standard Book Number 9780534936242
040 ## - CATALOGING SOURCE
Original cataloging agency EG-ScBUE
Language of cataloging eng
Description conventions rda
Transcribing agency EG-ScBUE
Modifying agency EG-ScBUE
082 04 - DEWEY DECIMAL CLASSIFICATION NUMBER
Classification number 515.15
Item number SWO
Edition number 22
100 1# - MAIN ENTRY--PERSONAL NAME
Personal name Swokowski, Earl W.,
Relator term author.
9 (RLIN) 33349
245 10 - TITLE STATEMENT
Title Calculus /
Statement of responsibility, etc Earl W. Swokowski [and three others]
250 ## - EDITION STATEMENT
Edition statement Sixth edition.
264 #1 - PUBLICATION, DISTRIBUTION, ETC. (IMPRINT)
Place of publication, distribution, etc Bostn :
Name of publisher, distributor, etc PWS publishing company,
Date of publication, distribution, etc [1994]
264 #4 - PUBLICATION, DISTRIBUTION, ETC. (IMPRINT)
Date of publication, distribution, etc c1994
300 ## - PHYSICAL DESCRIPTION
Extent 1 volume (various pagings) :
Other physical details color illustrations ;
Dimensions 30 cm
336 ## - CONTENT TYPE
Source rdacontent
Content type term text
Content type code txt
337 ## - MEDIA TYPE
Media type term unmediated
Source rdamedia
Media type code n
338 ## - CARRIER TYPE
Carrier type term volume
Carrier type code nc
Source rdacarrier
500 ## - GENERAL NOTE
General note Includes index.<br/>
650 #7 - SUBJECT ADDED ENTRY--TOPICAL TERM
Topical term or geographic name as entry element Calculus.
Source of heading or term BUEsh
9 (RLIN) 33350
655 ## - INDEX TERM--GENRE/FORM
Form subdivision Reading book
942 ## - ADDED ENTRY ELEMENTS (KOHA)
Koha item type Book - Borrowing
Source of classification or shelving scheme Dewey Decimal Classification
Holdings
Withdrawn status Lost status Source of classification or shelving scheme Materials specified (bound volume or other part) Damaged status Not for loan Home library Current library Shelving location Date acquired Cost, normal purchase price Total Checkouts Full call number Barcode Date last seen Cost, replacement price Koha item type Collection code Source of acquisition Total Renewals Date checked out Price effective from
    Dewey Decimal Classification BOX07 Damaged   Central Library Central Library First floor 19/02/2006 220.00 16 515.15 SWO 000004952 24/06/2013 275.00 Book - Borrowing          
    Dewey Decimal Classification BOX02 Damaged   Central Library Central Library First floor 19/02/2006 220.00 10 515.15 SWO 000004950 07/09/2017 275.00 Book - Borrowing          
    Dewey Decimal Classification BOX07 Damaged   Central Library Central Library First floor 19/02/2006 220.00 18 515.15 SWO 000004524 01/07/2011 275.00 Book - Borrowing          
    Dewey Decimal Classification       Central Library Central Library First floor 19/02/2006 220.00 20 515.15 SWO 000004615 15/07/2025 275.00 Book - Borrowing Alahram Purchase 40 25/11/2018 29/01/2006
    Dewey Decimal Classification BOX04 Damaged   Central Library Central Library First floor 19/02/2006 220.00 6 515.15 SWO 000004951 24/08/2016 275.00 Book - Borrowing          
    Dewey Decimal Classification       Central Library Central Library First floor 19/02/2006 220.00 6 515.15 SWO 000005431 15/07/2025 275.00 Book - Borrowing Alahram Purchase 41 10/10/2021 06/09/2007
    Dewey Decimal Classification       Central Library Central Library First floor 19/02/2006 220.00 4 515.15 SWO 000005432 15/07/2025 275.00 Book - Borrowing Alahram Purchase 28 19/10/2024 06/09/2007
    Dewey Decimal Classification       Central Library Central Library First floor 25/02/2009 220.00 5 515.15 SWO 000000109 15/07/2025 275.00 Book - Borrowing Alahram Purchase 20 24/09/2014 25/02/2009
    Dewey Decimal Classification       Central Library Central Library First floor 25/02/2009 220.00   515.15 SWO 000004948 15/07/2025 275.00 Book - Borrowing Alahram Purchase     25/02/2009